|
|
|
|
| LEADER |
01211naa a2200229 i 4500 |
| 001 |
acta86015 |
| 005 |
20241128081621.0 |
| 008 |
241128s2024 hu o 100 hun d |
| 020 |
|
|
|a 978-963-648-048-6
|
| 040 |
|
|
|a SZTE Egyetemi Kiadványok Repozitórium
|b hun
|
| 041 |
|
|
|a hun
|
| 041 |
|
|
|a eng
|
| 100 |
1 |
|
|a Kis Bernadett
|
| 245 |
1 |
0 |
|a Önsegítés a 21. században - mentális egészségfejlesztési lehetőségek az örökbefogadó szülők csoportjában = Self-help in the 21st century - mental health promotion in the adoptive parents' group
|h [elektronikus dokumentum] :
|b [absztrakt] /
|c Kis Bernadett
|
| 260 |
|
|
|a Juhász Gyula Felsőoktatási Kiadó
|b Szeged
|c 2024
|
| 300 |
|
|
|a 42-43
|
| 490 |
0 |
|
|a Egészségfejlesztés holnapután : rendszerszemlélet, participáció, együttműködés
|
| 650 |
|
4 |
|a Társadalomtudományok
|
| 650 |
|
4 |
|a Pszichológia
|
| 695 |
|
|
|a Egészségfejlesztés - előadáskivonat, Örökbefogadás - pszichológia - előadáskivonat
|
| 711 |
|
|
|a Egészségfejlesztés holnapután : rendszerszemlélet, participáció, együttműködés
|c Szeged
|d 2024. november 22.
|
| 856 |
4 |
0 |
|u http://acta.bibl.u-szeged.hu/86015/1/egeszsegfejlesztes_holnaputan_2024_042-043.pdf
|z Dokumentum-elérés
|